LIBRARY & INFORMATION CENTRE, KCAET, TAVANUR

ONLINE PUBLIC ACCESS CATALOGUE (OPAC)

ICTs for Agricultural Development under Changing Climate (Record no. 14443)

MARC details
000 -LEADER
fixed length control field 00347nam a22001337a 4500
020 ## - INTERNATIONAL STANDARD BOOK NUMBER
ISBN 9789380428451
082 ## - DEWEY DECIMAL CLASSIFICATION NUMBER
Classification number 551.6977
Item number SIN/IC
245 ## - TITLE STATEMENT
Title ICTs for Agricultural Development under Changing Climate
260 ## - PUBLICATION, DISTRIBUTION, ETC. (IMPRINT)
Place of publication Delhi
Name of publisher Narendra Publishing House
Year of publication 2012
300 ## - PHYSICAL DESCRIPTION
Number of Pages 344
700 ## - ADDED ENTRY--PERSONAL NAME
Personal name Singh,K.M
700 ## - ADDED ENTRY--PERSONAL NAME
Personal name Meena,M.S
942 ## - ADDED ENTRY ELEMENTS (KOHA)
Koha item type Books
Holdings
Withdrawn status Lost status Damaged status Collection code Home library Current library Shelving location Date acquired Source of acquisition Cost, normal purchase price Full call number Accession Number Koha item type
        KAUAET KAUAET General Stacks 02/07/2016 Neoti Book Agency New Delhi 1995.00 551.6977 SIN/IC 23910 Books
        KAUAET KAUAET General Stacks 20/07/2016 Ganesh Book Centre 1995.00 551.6977 SIN/IC 24862 Books
free website counter